Score 0/12 Timer 03:00
0 Plays Today
Scrambled Word Answer % Correct
TIPLSSPLIT
97.7%
KERITSSTRIKE
97.4%
SAREPSPARE
97.3%
LOFU NILEFOUL LINE
96.9%
TREGTU LABLGUTTER BALL
93.5%
GOBLINW ESOHSBOWLING SHOES
93.2%
VNESE NTE LIPTSSEVEN - TEN SPLIT
90.9%
REEHT NUDEHRD MEGATHREE HUNDRED GAME
90.8%
RYTKEUTURKEY
85.1%
REBE MAFERBEER FRAME
81.7%
LABL NURTERBALL RETURN
81.1%
REVILEDYDELIVERY
53.9%
Remove Ads.
Support Sporcle.
Get the best of Sporcle when you Go Orange. This ad-free experience offers more features, more stats, and more fun while also helping to support Sporcle. Thank you for becoming a member.

You're not logged in!

Compare scores with friends on all Sporcle quizzes.
OR
Log In

Show Comments

Extras

Top Quizzes Today


Score Distribution

Your Account Isn't Verified!

In order to create a playlist on Sporcle, you need to verify the email address you used during registration. Go to your Sporcle Settings to finish the process.

Report this User

Report this user for behavior that violates our Community Guidelines.

Details: